Film Opening Lines 1 - Statistics

General Stats
  • This quiz has been taken 2,048 times
    2,047 since last reset
  • The average score is 6 of 15
Answer Stats
Quote Year Film % Correct
People are always asking me if I know Tyler Durden. 1999 Fight Club
76%
As far back as I can remember, I always wanted to be a gangster. 1990 Goodfellas
73%
I believe in America. America has made my fortune. And I raised my daughter in the American fashion. I gave her freedom, but - I taught her never to dishonor her family. 1972 The Godfather
63%
The key to faking out the parents is the clammy hands. It’s a good non-specific symptom; I’m a big believer in it. 1986 Ferris Bueller's Day Off
50%
I'm 36 years old, I love my family, I love baseball, and I'm about to become a farmer. But until I heard the voice, I'd never done a crazy thing in my whole life. 1989 Field of Dreams
50%
There was me, that is Alex, and my three droogs, that is Pete, Georgie, and Dim, and we sat in the Korova Milkbar trying to make up our rassoodocks what to do with the evening. 1971 A Clockwork Orange
47%
Choose life. Choose a job. Choose a career. Choose a family. 1996 Trainspotting
43%
Let me tell you what 'Like a Virgin' is about... 1992 Reservoir Dogs
42%
We were somewhere around Barstow, on the edge of the desert, when the drugs began to take hold. 1998 Fear and Loathing in Las Vegas
41%
Three billion human lives ended on August 29, 1997. 1991 Terminator 2: Judgement Day
38%
My name is Turkish. Funny name for an Englishman. 2000 Snatch
28%
Are you watching closely? 2006 The Prestige
23%
The world is changed. I feel it in the water. I feel it in the earth. I smell it in the air. 2001 The Lord of the Rings: The Fellowship of the Ring
20%
My friends on the mainland think just because I live in Hawaii, I live in paradise. 2011 The Descendants
16%
I remember those cheers. They still ring in my ears. 1980 Raging Bull
11%
No matching quizzes found
Score Distribution
Percent of People with Each Score
Percentile by Number Answered
Your Score History
You have not taken this quiz since the last reset